00463 2200181 4500001002100000005001500021008004100036020001800077035001900095041000700114082001000121090001600131100001800147245006200165260002500227300001900252650001000271INLIS00000000001244820241224114352241224||||||||| | ||| |||| || |  a979-9482-03-8 0010-1224012448 aid0 a2X7.1 a2X7.1 ARI m0 aM.Arief Hakim00aMendidik Anak Secara Bijak:Panduan Keluarga Muslim Modern aBandungbMarjac2008 a148hlm;12x18cm 0aAgama